000
00198nam a2200097Ia 4500
008
170620s9999 xx 000 0 und d
100
_a
NCERT
245
0
_a
Mananshil Shikshak
260
_b
NCERT
260
_c
2007
300
_a
74
999
_c
28142
_d
28142